| 000 | 01114nam a22003257a 4500 | ||
|---|---|---|---|
| 003 | CHAP | ||
| 005 | 20220329143420.0 | ||
| 008 | 090526s2003 mx r 00010 spa d | ||
| 010 | _a96248 | ||
| 011 | _a97220 | ||
| 020 | _a9706862536 | ||
| 035 | _a107883 | ||
| 040 | _cCHAP | ||
| 082 | 0 | 4 |
_a515 _bV54 |
| 100 | 1 |
_aVelasco Sotomayor, Gabriel _9118444 |
|
| 245 | 1 | 0 |
_aProblemario de cálculo multivariable _c/por Gabriel Velasco Sotomayor, Irma López Saura y Piotr M. Wisniewski |
| 260 |
_aMéxico, D.F. : _bThomson, _cc2003 |
||
| 300 | _a195 p. | ||
| 590 |
_aBATCH-UPD _b10 _c20130110 _lUCH01 _h0421 |
||
| 590 |
_aBATCH-UPD _b10 _c20130410 _lUCH01 _h0055 |
||
| 590 |
_aBATCH-UPD _b10 _c20130914 _lUCH01 _h0951 |
||
| 590 |
_aCONVERSION _b10 _c20130109 _lUCH01 _h1353 |
||
| 650 | 1 | 4 |
_aCálculo. _923990 |
| 700 | 1 |
_aLópez Saura, Irma. _968333 |
|
| 700 | 1 |
_aWisniewski, Piotr Marian _9122340 |
|
| 901 | _aBK | ||
| 942 | _cLIBRO | ||
| 949 |
_a515 V54 _bBC _cLIBRO _d33724002094322 _eLIBRO _gI.c/e _h110845 _i107883 _so _t$150.00 |
||
| 949 |
_a515 V54 _bBC _cLIBRO _d33724002094363 _eLIBRO _fc.2 _gI.c/e _h110846 _i107883 _sb _t$150.00 |
||
| 999 |
_c96248 _d96248 |
||